书目信息 |
| 题名: |
女人一定要赴的12个约会
|
|
| 作者: | 北方月亮 编著 | |
| 分册: | ||
| 出版信息: | 北京 航空工业出版社 2007 |
|
| 页数: | 193页 | |
| 开本: | 24cm | |
| 丛书名: | 水样女人系列 | |
| 单 册: | ||
| 中图分类: | B825-49 , R173-49 | |
| 科图分类: | ||
| 主题词: | 女性--修养--通俗读物 , 女性--保健--普及读物 , 女性 , 修养 , 保健 | |
| 电子资源: | ||
| ISBN: | 7-80183-854-8 | |
| 000 | 01007oam2 2200301 450 | |
| 001 | 1555036535 | |
| 005 | 20150131143936.84 | |
| 010 | @a7-80183-854-8@dCNY26.00 | |
| 100 | @a20070124d2007 em y0chiy50 ea | |
| 101 | 0 | @achi |
| 102 | @aCN@b110000 | |
| 105 | @aa z 000yy | |
| 200 | 1 | @a女人一定要赴的12个约会@9nv ren yi ding yao fu de 12 ge yue hui@f北方月亮编著 |
| 210 | @a北京@c航空工业出版社@d2007 | |
| 215 | @a193页@c图@d24cm | |
| 225 | 2 | @a水样女人系列 |
| 330 | @a本书列举了女人一定要赴的12个约会,分别是:心灵之约、肌肤之约、五官之约、秀发之约、身材之约、爱情之约、妆容之约、食品之约、运动之约、服装之约、医生之约、勇气智慧之约,全面介绍了如何成为美丽女人。 | |
| 461 | 0 | @12001 @a水样女人系列 |
| 606 | 0 | @a女性@x修养@j通俗读物 |
| 606 | 0 | @a女性@x保健@j普及读物 |
| 606 | 0 | @a女性 |
| 606 | 0 | @a修养 |
| 606 | 0 | @a保健 |
| 690 | @aB825-49@v5 | |
| 690 | @aR173-49@v5 | |
| 701 | 0 | @a北方月亮@9bei fang yue liang@4编著 |
| 801 | 0 | @aCN@bTSSF@c20150131 |
| 905 | @aZUCC@dB825-49@eJY211 | |
| 女人一定要赴的12个约会/北方月亮编著.-北京:航空工业出版社,2007 |
| 193页:图;24cm.-(水样女人系列) |
| ISBN 7-80183-854-8:CNY26.00 |
| 本书列举了女人一定要赴的12个约会,分别是:心灵之约、肌肤之约、五官之约、秀发之约、身材之约、爱情之约、妆容之约、食品之约、运动之约、服装之约、医生之约、勇气智慧之约,全面介绍了如何成为美丽女人。 |
| ● |
| 相关链接 |
|
|
|
|
正题名:女人一定要赴的12个约会
索取号:B825-49/JY211
 
预约/预借
| 序号 | 登录号 | 条形码 | 馆藏地/架位号 | 状态 | 备注 |
| 1 | 7839986 | 278399868 | 学院路分馆/ [索取号:B825-49/JY211] | 在馆 | |
| 2 | 7862032 | 278620324 | 学院路分馆/ [索取号:B825-49/JY211] | 在馆 |